La creatividad

La creatividad no es un don, es una actitud que busca transformar la realidad. A pesar de que los publicitarios se hayan apropiado en cierto modo del concepto, la creatividad no es patrimonio de ninguna profesión en particular ya que casi todas las ocupaciones han generado creativos brillantes. La c...

Full description

Bibliographic Details
Main Author: Bassat, Luis
Format: Libro
Language:Spanish
Published: Barcelona : DeBolsillo, 2022.
Edition:Primera edición en Debolsillo: marzo de 2022.
Subjects:
Online Access:

MARC

LEADER 00000nam a22000007a 4500
003 UAHC
005 20241204064302.0
008 241203s2022 sp |||| |||| 00| 0 spa d
020 |a 9788466359757 
040 |a UAHC  |c UAHC 
082 |a 153.35  |b B317 
100 |a Bassat, Luis  |9 20830 
245 1 3 |a La creatividad  |c Luis Bassat. 
250 |a Primera edición en Debolsillo: marzo de 2022. 
260 |a Barcelona :  |b DeBolsillo,  |c 2022. 
300 |a 189 páginas. 
520 |a La creatividad no es un don, es una actitud que busca transformar la realidad. A pesar de que los publicitarios se hayan apropiado en cierto modo del concepto, la creatividad no es patrimonio de ninguna profesión en particular ya que casi todas las ocupaciones han generado creativos brillantes. La creatividad, tal como la entiende Luis Bassat, es una facultad innata del hombre, que va mucho más allá de un invento concreto. Se trata de la capacidad de aportar grandes avances que pueden modificar el rumbo de la historia y cambiar las condiciones de vida de toda la humanidad. En La creatividad Luis Bassat hace un breve repaso de la historia de esta maravillosa facultad y presenta las características de la personalidad creadora, a través de su propia trayectoria y la de los creativos más destacados del país. Enseña además, una serie de caminos creativos que permitirán que el lector aplique en la práctica de su profesión, sea esta la que sea, las enseñanzas de uno de los creativos más respetados del panorama actual. 
650 0 |a Aptitud creadora  |9 5824 
650 0 |a Pensamiento creativo  |9 14181 
900 |a 153.35 BAS 
942 |2 ddc  |c BK 
952 |0 0  |1 0  |2 ddc  |4 0  |6 153_350000000000000_BAS  |7 0  |8 BAS  |9 100395  |a BC  |b BC  |c General  |d 2024-12-03  |e Compra  |g 13750.00  |l 0  |o 153.35 BAS  |p 1472283  |r 2025-11-25 00:00:00  |t 1  |w 2024-12-03  |x OC: 2308 / Factura Liberalia Nº93233  |y BK  |z También lo encuentras en bibliografias.academia.cl  |A EPTO  |B TOCU 
999 |c 62308  |d 62308